|
|
|
|
| LEADER |
00000cam a2200000 7i4500 |
| 001 |
0000021585 |
| 005 |
20080721.0 |
| 008 |
080721 |
| 020 |
|
|
|a 7801755490
|
| 090 |
0 |
0 |
|a 951.06092
|b ZHA
|
| 100 |
1 |
|
|a Zhang, Yurui
|
| 245 |
1 |
0 |
|a Zhu Yuanzhang :
|b Ming Taizu (Chinese)
|c Zhang Yurui Zhu
|
| 260 |
|
|
|a Beijing :
|b Zhongguo chang'an chu ban she ,
|c 2007
|
| 440 |
|
|
|a Shi shi qiu shi shuo di wang
|
| 650 |
|
0 |
|a China
|x History
|x Ming dynasty, 1368-1644
|
| 650 |
|
0 |
|a China
|x Kings and rules
|x Biography
|
| 650 |
|
0 |
|a Ming Taizu, Emperor of China, 1328-1398
|
| 999 |
|
|
|a 0001031131
|b Book
|c Chinese Collection
|e Perbadanan Perpustakaan Awam Johor
|